| 000 | 00491 a2200157 4500 | ||
|---|---|---|---|
| 003 | NUST | ||
| 005 | 20230320182457.0 | ||
| 040 | _cNust | ||
| 082 | _a954.02,AHM | ||
| 100 |
_aMunir Ahmed _929945 |
||
| 245 |
_aGeneral Mohammad Yahya Khan: _b Shakhsiyat vo Siyasi Kardar / جنرل محمد یحییٰ خان شخصیت و سیاسی کردار (Urdu) / _cMunir Ahmed |
||
| 260 |
_aLahore _bTehkikat pub _c1999 |
||
| 300 | _a352:p. | ||
| 650 |
_aBiography _9461 |
||
| 942 |
_2ddc _cBK _k954.02,AHM |
||
| 999 |
_c180733 _d180733 |
||